1871 1393 1631 1482 1778 1758 1760 1392 1403 1461 1975 1600 1481 1674 1790 1609 1410 1625 1560 1843 1325 1274 1370 1015 1320 1380 1163 1417 1066 1748 1806 1517 1358 1256 1248 1256 1699 1659 1197 1843 1150 1813 1203 1958 1321 1125 1062 1343 1784 1339 1698 1606 1125 1466 1938 1841 1533 1401 1885 1005 1065 1333 1774 1548 1276 1590 1482 1371 1460 1931 1147 1486 1425 1416 1247 1515 1553 1440 1525 1884 1876 1775 1669 1966 1984 1528 1668 1811 1902 1403 1649 1461 1767 1528 1890 1092 1885 1123 1013 BCNSPRNW ULIB Ver.6.0+V

เปลี่ยนเป็นภาษาไทย

Change to English
 แสดงรายละเอียดบรรณานุกรม
  กลับหน้าหลัก

Brief Record : Get Marc (ISO 2709) : E-mail record : QR code < ปิดหน้าต่าง
LEADER : 00000nam 2200000uu 4500
001    13399113229
003     ULIB
008    111003s2551||||th 000 0 tha d
020    9789740321828
050  4 QD415^bส739ช 2551
100 0  สุกัญญา สุนทรส
245 10 ชีวโมเลกุล /^cสุกัญญา สุนทรส, วิเชียร ริมพณิชยกิจ
250    พิมพ์ครั้งที่ 2 ;^bฉบับปรับปรุงแก้ไข
260    กรุงเทพฯ :^bสำนักพิมพ์แห่งจุฬาลงกรณ์มหาวิทยาลัย,^c2551
300    [13], 366 หน้า :^bภาพประกอบ ;^c26 ซม.
650  4 ชีวโมเลกุล
650  4 ชีวเคมี
700 0  วิเชียร ริมพณิชยกิจ
945    ^p250^l0^i023946
945    ^p250^l0^i023947
995    ทศพร
999 ^a ทศพร
รายการนี้ยังไม่มีแท็ก
คุณยังไม่ได้ล็อกอิน คุณสามารถมีกิจกรรมร่วมกับเว็บไซต์ได้ แต่ต้องล็อกอินก่อน ::
  ล็อกอิน

รายการสื่อสารสนเทศ

ลำดับที่ ประเภท เลขเรียก/บาร์โค้ด สถานที่ สถานะ
- ไม่พบข้อมูล -

รายการใกล้เคียง
    ผู้แต่ง [สุกัญญา สุนทรส]

    หัวเรื่อง [ชีวโมเลกุล]
    หัวเรื่อง [ชีวเคมี]

BibComment


ยังไม่เคยถูกคอมเมนท์

คอมเมนท์ทรัพยากรรายการนี้
  คอมเมนท์: ชีวโมเลกุล สุกัญ..


 Copyright 2026. Bcnsprnw @Library